01273cam a2200337 a 4500999001700000001000800017003000400025005001700029008004100046010001700087020002700104020002700131040001800158041001300176043001200189050002400201082002100225100002600246245015100272260003200423300004100455500005000496500003600546600004300582650005800625700001900683700002600702906004500728942003600773952012600809 c23755d237554346454OSt20170127095603.0890316s1989 nyua 000 0 eng  a 89045433  a0847811514 (hardbound) a0847811263 (softbound) aDLCcDLCdDLC1 aenghger ae-gw---00aNA1088.K48bA4 198900a727/.6/000922201 aKleihues, Josef Paul.14aThe museum projects /cJosef P. Kleihues ; edited by Kim Shkapich ; [translated from the German by Thomas Rainer Fischer and Christina Rathgeber]. aNew York :bRizzoli,c1989. a160 p. :bill. (some col.) ;c27 cm. aDialogue: Claus Baldus and Josef P. Kleihues. aPortions in German and English.10aKleihues, Josef PaulxThemes, motives. 0aMuseum architecturezGermany (West)xThemes, motives.1 aShkapich, Kim.1 aBaldus, Claus,d1947- a7bcbccorignewd2eocipf19gy-gencatlg 2lcccBOOKShNA 1088 .K48A4 1989 00102lcc4070aMUCbMUCcTECHd2017-01-27eDonation (BFA)l0oNA 1088 .K48A4 1989p32460r2019-11-12w2017-01-27yBOOKS